000 00706nam a2200205 4500
001 114473
003 DR-UNIBE
005 20260318093315.0
008 260318b2006 dr ||||| |||| 00| 0 spa d
040 _aBIBLIOTECA UNIBE
_cBIBLIOTECA UNIBE
_bspa
041 _aspa
082 _222
_aRD 972.93054 I73r
100 1 _aIsa Conde, Narciso,
_d1942-
_eautor
_928236
245 1 0 _aRescatar sus enseñanzas para que abril tenga futuro /
_cNarciso Isa Conde
250 _aSegunda edición corregida y enriquecida
260 _aSanto Domingo :
_b[Editor no identifiocado],
_c2006
300 _a70 páginas
651 7 _2lemb
_aRepública Dominicana
_xHistoria
_yRevolución de abril 1965
_9194601
942 _2ddc
_cBK
999 _c114473
_d114473